000 00933cam a2200217 4500
001 WB3729-04
008 010726n2001 000 0 eng u
035 _a(Sirsi) u113803
245 _aM4I projects show it's better by design
260 _c2001
490 _aBuilding Design
_v(1496) 20 July 2001, 5(1)
520 _aPerformance figures from a range of demonstration projects set up by the Movement for Innovation (M4I) and the Housing Forum show that more effective design is more likely to bring in projects on time and on budget. Data showed M4I projects which followed recommendations outperformed industry averages on a range of factors including client satisfaction.
590 _aWB
650 _aDESIGN PROPOSALS
650 _aMOVEMENT FOR INNOVATION
650 _aHOUSING FORUM
650 _aEGAN REFORMS
650 _aCONSTRUCTION INNOVATION
690 _aBUILT ENVIRONMENT-CONSTRUCTION DESIGN
942 _n0
999 _c67794
_d67794